[Event "Deutsche Ländermeisterschaft 2014"]
[Site "Hannover GER"]
[Date "2014.10.05"]
[Round "4"]
[White "Sauer, Annika"]
[Black "Biastoch, Bennet"]
[Result "1-0"]
[Termination "normal"]
[Board "8.5"]
[WhiteElo "1624"]
[BlackElo "1838"]
[WhiteTeam "Brandenburg"]
[BlackTeam "Sachsen-Anhalt"]
[PlyCount "83"]
[WhiteFideId "12952052"]
[BlackFideId "12939889"]
[EventCountry "GER"]
[EventRounds "7"]
[EventType "team-swiss"]
[EventDate "2014.10.02"]

1. d4 Nf6 2. c4 g6 3. Nc3 Bg7 4. e4 d6 5. Nf3 O-O 6. Be2 e5 7. O-O Nc6 8. d5
Ne7 9. b4 a5 10. Ba3 Nd7 11. bxa5 Rxa5 12. Bb4 Ra8 13. a4 h6 14. Re1 f5 15. Bd3
f4 16. h3 g5 17. Nh2 Nf6 18. Be2 Ng6 19. Ng4 Nh7 20. c5 Nf6 21. cxd6 cxd6 22.
Nxf6+ Rxf6 23. Nb5 Nh4 24. Nxd6 Rxd6 25. Bxd6 Qxd6 26. g3 Ng6 27. Bg4 Bf8 28.
Bxc8 Rxc8 29. Kg2 Rc3 30. Rc1 Rxc1 31. Qxc1 Qb4 32. Qd1 Qa3 33. Qc2 Qb4 34. Rb1
Qe7 35. Qb3 Qd7 36. a5 Qd8 37. Qb6 Qxb6 38. Rxb6 Ne7 39. d6 Nc6 40. Rxc6 bxc6
41. d7 Be7 42. a6 1-0

[Event "Deutsche Ländermeisterschaft 2014"]
[Site "Hannover GER"]
[Date "2014.10.05"]
[Round "4"]
[White "Roseneck, Jonas"]
[Black "Röhr, Tobias"]
[Result "1-0"]
[Termination "normal"]
[Board "8.6"]
[WhiteElo "1765"]
[BlackElo "1618"]
[WhiteTeam "Sachsen-Anhalt"]
[BlackTeam "Brandenburg"]
[PlyCount "93"]
[WhiteFideId "12939870"]
[BlackFideId "12963089"]
[EventCountry "GER"]
[EventRounds "7"]
[EventType "team-swiss"]
[EventDate "2014.10.02"]

1. e4 e5 2. Nf3 Nc6 3. Bc4 Bc5 4. c3 Nf6 5. d4 exd4 6. e5 d5 7. Be2 Ne4 8. cxd4
Bb6 9. O-O Bg4 10. Be3 f6 11. Na3 Bxf3 12. Bxf3 fxe5 13. dxe5 Nxe5 14. Bxe4
dxe4 15. Qa4+ Nc6 16. Bxb6 axb6 17. Qxe4+ Qe7 18. Qf5 g6 19. Qd5 Qf7 20. Rfe1+
Kf8 21. Qd3 Rd8 22. Qc3 Qg7 23. Qc2 Qf7 24. Nb5 Kg8 25. Rad1 Rf8 26. a3 Kg7 27.
Qc3+ Kg8 28. f3 g5 29. Nd4 Nxd4 30. Qxd4 h6 31. Qb4 Rh7 32. Re4 Rg7 33. Rde1
Qf6 34. Re6 Qf5 35. Qb3 Kh8 36. Rxh6+ Rh7 37. Qc3+ Kg8 38. Rxh7 Qxh7 39. Qe5
Qh4 40. Qd5+ Kh8 41. Re7 Qh6 42. Qe5+ Kg8 43. Re6 Qh5 44. g4 Qh7 45. Qxg5+ Kh8
46. Rh6 Rf7 47. Rxh7+ 1-0

[Event "Deutsche Ländermeisterschaft 2014"]
[Site "Hannover GER"]
[Date "2014.10.05"]
[Round "4"]
[White "Gericke, Nicholas"]
[Black "Cejda, Cecilia"]
[Result "1-0"]
[Termination "normal"]
[Board "8.7"]
[WhiteElo "1606"]
[BlackElo "1662"]
[WhiteTeam "Brandenburg"]
[BlackTeam "Sachsen-Anhalt"]
[PlyCount "57"]
[WhiteFideId "12952141"]
[BlackFideId "12921122"]
[EventCountry "GER"]
[EventRounds "7"]
[EventType "team-swiss"]
[EventDate "2014.10.02"]

1. e4 c5 2. Nf3 d6 3. d4 cxd4 4. Nxd4 Nf6 5. Nc3 a6 6. Bc4 e6 7. Bb3 b5 8. f4
b4 9. Na4 Nxe4 10. O-O d5 11. Be3 Nd7 12. f5 Ndc5 13. fxe6 fxe6 14. Qf3 Qf6 15.
Qe2 Qd8 16. Bf4 Bd7 17. Nxc5 Bxc5 18. Qh5+ g6 19. Qe5 Rf8 20. Bh6 Rg8 21. Bxd5
Bxd4+ 22. Qxd4 Bb5 23. Qxe4 Qxd5 24. Qxd5 exd5 25. Rae1+ Kd7 26. Rf7+ Kc6 27.
Re6+ Kc5 28. Rc7+ Kd4 29. Be3# 1-0

[Event "Deutsche Ländermeisterschaft 2014"]
[Site "Hannover GER"]
[Date "2014.10.05"]
[Round "4"]
[White "Delgado, Celina"]
[Black "Pietsch, Katharina"]
[Result "1-0"]
[Termination "normal"]
[Board "8.8"]
[WhiteElo "1168"]
[BlackElo "981"]
[WhiteTeam "Sachsen-Anhalt"]
[BlackTeam "Brandenburg"]
[PlyCount "85"]
[WhiteFideId "12993735"]
[BlackFideId "12997013"]
[EventCountry "GER"]
[EventRounds "7"]
[EventType "team-swiss"]
[EventDate "2014.10.02"]

1. e4 e5 2. Nf3 Nc6 3. Bc4 Be7 4. O-O Nf6 5. d3 O-O 6. c3 d6 7. Nbd2 Be6 8. Bb5
Qd7 9. Re1 a6 10. Ba4 b5 11. Bc2 b4 12. Nf1 d5 13. Ng3 d4 14. cxd4 exd4 15. Bf4
Bg4 16. h3 Bh5 17. Nxh5 Nxh5 18. Ne5 Nxe5 19. Qxh5 f6 20. Bxe5 fxe5 21. Qxe5
Bh4 22. Rf1 Rae8 23. Qd5+ Rf7 24. Qxd7 Rxd7 25. Ba4 Rde7 26. Bxe8 Rxe8 27. Rac1
Rc8 28. Rc4 c5 29. Rfc1 Rf8 30. f3 Be7 31. Rxc5 Bxc5 32. Rxc5 Rb8 33. Rc4 b3
34. axb3 Rxb3 35. Rxd4 Rxb2 36. Ra4 Rb6 37. Kf2 g6 38. d4 Kg7 39. f4 Kh6 40. g4
g5 41. f5 Kg7 42. Ke3 h6 43. Kd3 1-0

[Event "Deutsche Ländermeisterschaft 2014"]
[Site "Hannover GER"]
[Date "2014.10.05"]
[Round "4"]
[White "Rieß, Alexander"]
[Black "Urban, Lars"]
[Result "0-1"]
[Termination "normal"]
[Board "9.1"]
[WhiteElo "1937"]
[BlackElo "2174"]
[WhiteTeam "Team Nord"]
[BlackTeam "Thüringen"]
[PlyCount "64"]
[WhiteFideId "12953326"]
[BlackFideId "4644034"]
[EventCountry "GER"]
[EventRounds "7"]
[EventType "team-swiss"]
[EventDate "2014.10.02"]

1. d4 d5 2. c4 e6 3. Nc3 Nf6 4. cxd5 exd5 5. Bg5 Nbd7 6. e3 Be7 7. Qc2 O-O 8.
Bd3 Re8 9. Nf3 c6 10. h3 Nf8 11. Bf4 Ng6 12. Bh2 Bd6 13. Bxd6 Qxd6 14. O-O b6
15. Rfc1 Bb7 16. Rab1 Qe7 17. b4 Ne4 18. Bxe4 dxe4 19. Nd2 f5 20. b5 Rac8 21.
Qb3+ Kh8 22. bxc6 Rxc6 23. Nd5 Qg5 24. Rxc6 Bxc6 25. Rc1 Bd7 26. Kf1 f4 27.
exf4 Nxf4 28. Nxf4 Qxf4 29. Qe3 Qh2 30. Nc4 Bb5 31. Ke1 Rc8 32. Qa3 Qc7 0-1

[Event "Deutsche Ländermeisterschaft 2014"]
[Site "Hannover GER"]
[Date "2014.10.05"]
[Round "4"]
[White "Hoffmann, Tim"]
[Black "Nahnsen, Kenneth"]
[Result "1/2-1/2"]
[Termination "normal"]
[Board "9.2"]
[WhiteElo "2013"]
[BlackElo "1960"]
[WhiteTeam "Thüringen"]
[BlackTeam "Team Nord"]
[PlyCount "58"]
[WhiteFideId "12900338"]
[BlackFideId "12957119"]
[EventCountry "GER"]
[EventRounds "7"]
[EventType "team-swiss"]
[EventDate "2014.10.02"]

1. e4 c5 2. Nf3 d6 3. d4 cxd4 4. Nxd4 Nf6 5. Nc3 g6 6. Be3 Bg7 7. f3 O-O 8. Qd2
Nc6 9. Bc4 Nxd4 10. Bxd4 Be6 11. Bb3 Qa5 12. O-O-O b5 13. Kb1 Rfc8 14. Rhe1
Bxb3 15. cxb3 b4 16. Nd5 Nxd5 17. exd5 Rc7 18. Bxg7 Kxg7 19. Qd4+ f6 20. Rc1
Rac8 21. Rxe7+ Rxe7 22. Rxc8 Re1+ 23. Rc1 Rxc1+ 24. Kxc1 Qa6 25. Kc2 Qe2+ 26.
Qd2 Qf1 27. f4 Qg1 28. g3 Qc5+ 29. Kd1 Qg1+ 1/2-1/2

[Event "Deutsche Ländermeisterschaft 2014"]
[Site "Hannover GER"]
[Date "2014.10.05"]
[Round "4"]
[White "Nguyen, Huy Dat"]
[Black "Helmer, Jan"]
[Result "1/2-1/2"]
[Termination "normal"]
[Board "9.4"]
[WhiteElo "1952"]
[BlackElo "1651"]
[WhiteTeam "Thüringen"]
[BlackTeam "Team Nord"]
[PlyCount "69"]
[WhiteFideId "12923486"]
[BlackFideId "12956686"]
[EventCountry "GER"]
[EventRounds "7"]
[EventType "team-swiss"]
[EventDate "2014.10.02"]

1. e4 e6 2. d4 d5 3. Nc3 Bb4 4. exd5 exd5 5. Bd3 Nf6 6. Nge2 O-O 7. O-O Bd6 8.
Bf4 c6 9. Bxd6 Qxd6 10. Ng3 Be6 11. Qd2 Nbd7 12. Nce2 c5 13. c3 c4 14. Bc2 b5
15. Rae1 Rfe8 16. Nf4 a5 17. Nxe6 fxe6 18. f4 b4 19. Rf2 Re7 20. Rfe2 bxc3 21.
bxc3 Rae8 22. Nf1 Nh5 23. g3 g6 24. Ba4 Ng7 25. Ne3 Rb8 26. Bxd7 Rxd7 27. Ng4
Rdb7 28. Nh6+ Kf8 29. Qc1 a4 30. g4 a3 31. f5 exf5 32. gxf5 gxf5 33. Rf1 Rb1
34. Qxb1 Rxb1 35. Rxb1 1/2-1/2

[Event "Deutsche Ländermeisterschaft 2014"]
[Site "Hannover GER"]
[Date "2014.10.05"]
[Round "4"]
[White "Wagner, Benjamin"]
[Black "Scheftlein, Richard"]
[Result "1/2-1/2"]
[Termination "normal"]
[Board "9.5"]
[WhiteElo "1601"]
[BlackElo "1999"]
[WhiteTeam "Team Nord"]
[BlackTeam "Thüringen"]
[PlyCount "90"]
[WhiteFideId "12957330"]
[BlackFideId "12945609"]
[EventCountry "GER"]
[EventRounds "7"]
[EventType "team-swiss"]
[EventDate "2014.10.02"]

1. e4 c6 2. c4 d5 3. exd5 cxd5 4. d4 Nf6 5. Nc3 e6 6. Nf3 Be7 7. cxd5 Nxd5 8.
Bd3 Nc6 9. O-O O-O 10. a3 Nxc3 11. bxc3 b6 12. Bc2 Ba6 13. Re1 Rc8 14. Re3 Bf6
15. Bd2 Qd6 16. Ne1 g6 17. Qg4 e5 18. Rh3 Rcd8 19. Bg5 Bxg5 20. Qxg5 Bc8 21.
Rh4 f5 22. Qh6 Qe7 23. Bb3+ Kh8 24. Nf3 Qg7 25. Qxg7+ Kxg7 26. Nxe5 Nxe5 27.
dxe5 f4 28. e6 Rde8 29. Rh3 Bxe6 30. Bxe6 Rxe6 31. Rd3 Rc6 32. Kf1 Kf6 33. Ke2
Rfc8 34. Kd2 Rc4 35. f3 R8c7 36. Kc2 R4c5 37. Rad1 Rg5 38. R1d2 Ra5 39. Kb3
Rb5+ 40. Kc2 Rbc5 41. Re2 Ra5 42. Kb3 Rb5+ 43. Kc2 Ra5 44. Kb3 Rb5+ 45. Kc2 Ra5
1/2-1/2

[Event "Deutsche Ländermeisterschaft 2014"]
[Site "Hannover GER"]
[Date "2014.10.05"]
[Round "4"]
[White "Caliebe, Nanke"]
[Black "Grund, Sebastian"]
[Result "0-1"]
[Termination "normal"]
[Board "9.7"]
[WhiteElo "1446"]
[BlackElo "1791"]
[WhiteTeam "Team Nord"]
[BlackTeam "Thüringen"]
[PlyCount "70"]
[WhiteFideId "12980528"]
[BlackFideId "12988626"]
[EventCountry "GER"]
[EventRounds "7"]
[EventType "team-swiss"]
[EventDate "2014.10.02"]

1. d4 Nf6 2. c4 c5 3. Nf3 g6 4. Nc3 Bg7 5. e3 cxd4 6. exd4 d5 7. b3 Nc6 8. Be3
Bg4 9. Be2 Qa5 10. Qc2 dxc4 11. bxc4 Ne4 12. Bd2 Nxd2 13. Qxd2 Bxf3 14. Bxf3
Nxd4 15. Rc1 Rd8 16. Qe3 h5 17. Bxb7 Nf5 18. Qf3 Bh6 19. O-O Bxc1 20. Rxc1 Nh4
21. Qe4 Qxc3 22. Re1 Qf6 23. Qc2 Rb8 24. Qa4+ Kf8 25. Qxa7 Kg7 26. c5 Qc3 27.
Rf1 Nf5 28. Be4 Nd4 29. Qxe7 Rhe8 30. Qh4 Qc4 31. f3 Ne2+ 32. Kf2 Qxc5+ 33. Ke1
Qe3 34. Kd1 Red8+ 35. Kc2 Rd2# 0-1

[Event "Deutsche Ländermeisterschaft 2014"]
[Site "Hannover GER"]
[Date "2014.10.05"]
[Round "4"]
[White "Geletzke, Hannah"]
[Black "Wolterink, Jule"]
[Result "1-0"]
[Termination "normal"]
[Board "9.8"]
[WhiteElo "1251"]
[BlackElo "1003"]
[WhiteTeam "Thüringen"]
[BlackTeam "Team Nord"]
[PlyCount "87"]
[WhiteFideId "12983330"]
[BlackFideId "12981206"]
[EventCountry "GER"]
[EventRounds "7"]
[EventType "team-swiss"]
[EventDate "2014.10.02"]

1. e4 e6 2. d4 d5 3. exd5 exd5 4. Bd3 Bd6 5. Ne2 Ne7 6. Bf4 c6 7. Nd2 Qc7 8.
Bxd6 Qxd6 9. c3 Bf5 10. Qc2 Bxd3 11. Qxd3 Nd7 12. O-O O-O 13. Rfe1 Nf6 14. Ng3
Ng6 15. Nf5 Qd7 16. Ng3 Rfe8 17. Nf3 h6 18. Qf5 Qd6 19. Kf1 Re6 20. Rxe6 Qxe6
21. Qxe6 fxe6 22. Re1 Re8 23. Ne5 Nf4 24. Ne2 N6h5 25. Nxf4 Nxf4 26. Re3 Rf8
27. Nd7 Rd8 28. Nc5 Kf7 29. g3 Ng6 30. Rxe6 Nf8 31. Re2 b6 32. Na6 Rd6 33. Kg2
Nd7 34. f4 Nf6 35. Kf3 Kg6 36. Re7 Rd7 37. Rxd7 Nxd7 38. Nb4 Nb8 39. g4 Kf6 40.
f5 Kg5 41. Kg3 a5 42. Nd3 Nd7 43. Ne5 Nf6 44. h4# 1-0